000 00344 a2200157 4500
001 165785
020 _a0-14-062252-7
040 _cMagnum
100 _aShakespeare, William
240 1 0 _aMuch ado about nothing
_lING
245 1 0 _aMuch ado about nothing
300 _a125
362 0 _a1997
697 _aLITERATURA INGLESA
942 _cBK
999 _c165785
_d165785